Lectures on Political Economy Vol Two: Money (Record no. 224172)

MARC details
000 -LEADER
fixed length control field 00537nam a22001937a 4500
005 - DATE AND TIME OF LATEST TRANSACTION
control field 20220725164224.0
008 - FIXED-LENGTH DATA ELEMENTS--GENERAL INFORMATION
fixed length control field 220725b ||||| |||| 00| 0 eng d
040 ## - CATALOGING SOURCE
Transcribing agency AL
041 ## - LANGUAGE CODE
Language code of text/sound track or separate title English
082 ## - DEWEY DECIMAL CLASSIFICATION NUMBER
Edition number 23
Classification number 330
Item number WICL
100 ## - MAIN ENTRY--PERSONAL NAME
Personal name Knut Wicksell
100 ## - MAIN ENTRY--PERSONAL NAME
9 (RLIN) 53206
245 ## - TITLE STATEMENT
Title Lectures on Political Economy Vol Two: Money
260 ## - PUBLICATION, DISTRIBUTION, ETC.
Place of publication, distribution, etc. London
Name of publisher, distributor, etc. Routledge and Kegan Paul Ltd
Date of publication, distribution, etc. 1962
300 ## - PHYSICAL DESCRIPTION
Extent vi,238 p.
Other physical details HB
Dimensions 22x14.5 cm.
650 ## - SUBJECT ADDED ENTRY--TOPICAL TERM
Topical term or geographic name entry element Economics
9 (RLIN) 53207
650 ## - SUBJECT ADDED ENTRY--TOPICAL TERM
Topical term or geographic name entry element Money
9 (RLIN) 53208
700 ## - ADDED ENTRY--PERSONAL NAME
Personal name WICKSELL (Knut)
9 (RLIN) 53209
942 ## - ADDED ENTRY ELEMENTS (KOHA)
Source of classification or shelving scheme Dewey Decimal Classification
Koha item type George Fernandes Collections
Holdings
Withdrawn status Lost status Source of classification or shelving scheme Damaged status Not for loan Collection code Home library Current library Date acquired Total Checkouts Full call number Barcode Date last seen Price effective from Koha item type
    Dewey Decimal Classification     Economics St Aloysius Library St Aloysius Library 03/23/2013   330 WICL GF01711 07/25/2022 07/25/2022 George Fernandes Collections